000 00724nam a2200229 a 4500
008
020 _a185339422X (pbk.)
049 _aMAIN
090 _aT173.8
_bPIE
100 1 _aPiek, Hannah.
245 1 0 _aTechnology development in rural industries :
_ba study of China`s collectives/
_cHannah Piek.
260 _aLondon:
_bIntermediate Technology Publications Ltd,
_c1998.
300 _a273 p. :
_bill. ;
_c24 cm.
504 _aIncludes bibliographical references.
650 _aRural Industries
650 0 _a Technological innovations.
907 _a.b10382082
_b04-03-22
_c14-09-17
003
005 20230123122254.0
040 _cNUST
942 _cBOOKS
_kT173.8
_mPIE
999 _c130775
_d130775